[Event "Bremen Silvester op-A"]
[Site "Bremen"]
[Date "2022.12.29"]
[Round "5"]
[White "Lorenzen, Bjoern"]
[Black "Heldt, Nils Lennart"]
[Result "0-1"]
[WhiteElo "1940"]
[BlackElo "2070"]
[PlyCount "48"]
[EventDate "2022.12.27"]
[EventType "swiss"]
[EventRounds "7"]
[EventCountry "GER"]
[SourceTitle "CBM 211 Extra"]
[Source "ChessBase"]
[SourceDate "2023.01.31"]
[SourceVersion "1"]
[SourceVersionDate "2023.01.31"]
[SourceQuality "1"]

1. d4 d5 2. c4 c6 3. e3 Nf6 4. Nc3 e6 5. Nf3 Nbd7 6. Be2 Bd6 7. 0-0 0-0 8. Qc2 e5 9. cxd5 cxd5 10. dxe5 Nxe5 11. Rd1 Nc6 12. a3 Be6 13. b4 Rc8 14. Bb2 Bg4 15. Qd2 Ne5 16. Nxd5 Ne4 17. Qd4 Bxf3 18. gxf3 Rc4 19. Qxa7 Nc6 20. Nf6+ Nxf6 21. Qxb7 Rc2 22. Kf1 Ne8 23. Bd4 Qh4 24. Rac1 Qxh2 0-1

[Event "Bremen Silvester op-A"]
[Site "Bremen"]
[Date "2022.12.28"]
[Round "4"]
[White "Heldt, Nils Lennart"]
[Black "Heinrich, John"]
[Result "0-1"]
[WhiteElo "2070"]
[BlackElo "2154"]
[PlyCount "146"]
[EventDate "2022.12.27"]
[EventType "swiss"]
[EventRounds "7"]
[EventCountry "GER"]
[SourceTitle "CBM 211 Extra"]
[Source "ChessBase"]
[SourceDate "2023.01.31"]
[SourceVersion "1"]
[SourceVersionDate "2023.01.31"]
[SourceQuality "1"]

1. e4 c5 2. Nf3 d6 3. d4 cxd4 4. Nxd4 Nf6 5. f3 e5 6. Nb3 Be7 7. c4 a5 8. Be3 a4 9. Nc1 0-0 10. Be2 Qa5+ 11. Qd2 Bd8 12. Qxa5 Bxa5+ 13. Kf2 Nc6 14. Na3 Ne8 15. c5 Nd4 16. Nd3 f6 17. Bd1 Bc7 18. Bxd4 exd4 19. Nb5 Bb8 20. Nxd4 dxc5 21. Nxc5 Ba7 22. b4 axb3 23. Bxb3+ Kh8 24. Rac1 Nc7 25. Ke2 Na6 26. Nce6 Re8 27. Rhd1 Bb6 28. Rd2 Bd7 29. Bd5 Nb4 30. Nc7 Rac8 31. Nxe8 Rxc1 32. Nd6 Nxd5 33. exd5 Rb1 34. Nc4 Ba7 35. Kd3 Kg8 36. Na3 Rb4 37. Kc3 Ra4 38. Nab5 Bc5 39. Rb2 Kf7 40. a3 Ra8 41. Rb3 f5 42. Nc2 Rc8 43. Kb2 b6 44. Nbd4 Kf6 45. f4 h6 46. Rc3 Ra8 47. Nb3 Bd6 48. g3 Ra4 49. Nbd4 g5 50. Rb3 Bc5 51. fxg5+ hxg5 52. Rd3 f4 53. gxf4 gxf4 54. h4 Ke5 55. Nf3+ Ke4 56. Rc3 Bg4 57. Kb3 Ra8 58. Nd2+ Kxd5 59. Rc4 Rf8 60. Nb4+ Ke6 61. Nd3 Be3 62. Ne4 Be2 63. Ng5+ Kd5 64. Nb4+ Ke5 65. Nc6+ Kd6 66. Ne4+ Kd7 67. Rc3 Rh8 68. Ne5+ Ke6 69. Ng6 Bd1+ 70. Ka2 Rd8 71. Ng3 Rd2+ 72. Kb1 Bc2+ 73. Ka1 Bxg6 0-1

[Event "EU-ch Rapid"]
[Site "Katowice"]
[Date "2022.12.18"]
[Round "10"]
[White "Heldt, Nils Lennart"]
[Black "Paszewski, Mateusz"]
[Result "1-0"]
[WhiteElo "2070"]
[BlackElo "2282"]
[PlyCount "137"]
[EventDate "2022.12.17"]
[EventType "swiss (rapid)"]
[EventRounds "11"]
[EventCountry "POL"]
[SourceTitle "CBM 211 Extra"]
[Source "ChessBase"]
[SourceDate "2023.01.31"]
[SourceVersion "1"]
[SourceVersionDate "2023.01.31"]
[SourceQuality "1"]

1. e4 c6 2. Nf3 d5 3. d3 Qc7 4. Nc3 dxe4 5. dxe4 e5 6. Bc4 h6 7. h3 Nf6 8. 0-0 b5 9. Bd3 Nbd7 10. a4 b4 11. Ne2 Nc5 12. Ng3 Nxd3 13. cxd3 Ba6 14. Re1 c5 15. Qc2 Nd7 16. d4 exd4 17. Nxd4 Qa5 18. Nb3 Qc7 19. Be3 c4 20. Nd4 Bc5 21. Nh5 Qe5 22. Qd1 g6 23. Ng3 Nf8 24. Nc6 Qd6 25. Qxd6 Bxd6 26. e5 Kd7 27. Nxa7 Bxe5 28. Ne4 Ne6 29. Rad1+ Kc7 30. a5 Bd4 31. Bxd4 Nxd4 32. Rxd4 Rxa7 33. Nc5 Kc6 34. Nxa6 Rxa6 35. Rxc4+ Kb5 36. Rc7 Rf8 37. Rb7+ Kc4 38. Re4+ Kd5 39. Rexb4 Rxa5 40. Rd7+ Ke6 41. Rbb7 Ra1+ 42. Kh2 h5 43. Rdc7 Kf6 44. h4 Rf1 45. Kg3 Rb1 46. Kf3 Re1 47. g3 Kg7 48. b4 Re6 49. b5 Rf6+ 50. Kg2 Rd8 51. Rc2 Rd4 52. Rb2 Re6 53. b6 Ree4 54. Rc7 Rb4 55. Rcc2 Rxb2 56. Rxb2 Re8 57. b7 Rb8 58. Kf3 Kf6 59. Ke4 Ke6 60. Kf4 f6 61. Ke4 Kd6 62. Rb6+ Kc5 63. Rxf6 Rxb7 64. Rxg6 Re7+ 65. Kf5 Kd5 66. f3 Rf7+ 67. Rf6 Rg7 68. Kf4 Rg8 69. Rf5+ 1-0

[Event "EU-ch Rapid"]
[Site "Katowice"]
[Date "2022.12.17"]
[Round "2"]
[White "Heldt, Nils Lennart"]
[Black "Hunt, Harriet"]
[Result "0-1"]
[WhiteElo "2070"]
[BlackElo "2348"]
[PlyCount "68"]
[EventDate "2022.12.17"]
[EventType "swiss (rapid)"]
[EventRounds "11"]
[EventCountry "POL"]
[SourceTitle "CBM 211 Extra"]
[Source "ChessBase"]
[SourceDate "2023.01.31"]
[SourceVersion "1"]
[SourceVersionDate "2023.01.31"]
[SourceQuality "1"]

1. e4 c5 2. Nf3 d6 3. d4 cxd4 4. Nxd4 Nf6 5. Nc3 a6 6. Bg5 e6 7. f4 Be7 8. Qf3 Qc7 9. 0-0-0 Nbd7 10. g4 h6 11. Bxf6 Bxf6 12. h4 Qb6 13. Nb3 Be7 14. g5 Nc5 15. Nxc5 Qxc5 16. Bd3 Bd7 17. f5 hxg5 18. e5 0-0-0 19. exd6 Qxd6 20. Kb1 Qf4 21. Qe2 Qc7 22. Nd5 exd5 23. Qxe7 gxh4 24. Rxh4 Bc6 25. Qe1 Kb8 26. Rg4 Rdg8 27. Qg1 f6 28. a3 Rh7 29. Rg6 Re8 30. Qd4 Qe5 31. Qg4 Re7 32. Rg1 d4 33. Qd1 Be8 34. R6g4 Bh5 0-1

[Event "Main Vogelsberg op 16th"]
[Site "Waechtersbach"]
[Date "2022.09.30"]
[Round "1"]
[White "Lambers, Gabriel"]
[Black "Heldt, Nils Lennart"]
[Result "0-1"]
[WhiteElo "1567"]
[BlackElo "2058"]
[PlyCount "78"]
[EventDate "2022.09.30"]
[EventType "swiss"]
[EventRounds "7"]
[EventCountry "GER"]
[SourceTitle "CBM 210 Extra"]
[Source "ChessBase"]
[SourceDate "2022.11.30"]
[SourceVersion "1"]
[SourceVersionDate "2022.11.30"]
[SourceQuality "1"]

1. e4 e6 2. d4 d5 3. e5 c5 4. c3 Nc6 5. Nf3 Bd7 6. a3 c4 7. b4 cxb3 8. Qxb3 Na5 9. Qc2 Bc6 10. Bd3 Qd7 11. a4 h6 12. 0-0 Ne7 13. Nbd2 Nc8 14. c4 dxc4 15. Be4 Nb6 16. Bxc6 Qxc6 17. Qc3 Qd5 18. Ba3 Nxa4 19. Qc2 b5 20. Bxf8 Kxf8 21. Rxa4 bxa4 22. Qxa4 Kg8 23. Nb1 Nc6 24. Nc3 Qd7 25. Qxc4 Rc8 26. Qd3 Nb4 27. Qd2 Nd5 28. Ne4 Kh7 29. Qd3 g6 30. Nd6 Rc3 31. Qe4 f5 32. Qe2 Rb8 33. h4 Qe7 34. Ra1 a5 35. Rxa5 Rb1+ 36. Kh2 Nf4 37. Qa2 Rcc1 38. Ra7 Rh1+ 39. Kg3 Nh5# 0-1

[Event "Millennium Hybrid Masters"]
[Site "Tornelo INT"]
[Date "2022.03.09"]
[Round "1.9"]
[White "Abel, Dennes"]
[Black "Heldt, Nils Lennart"]
[Result "1-0"]
[WhiteElo "2442"]
[BlackElo "2075"]
[PlyCount "93"]
[EventDate "2022.03.09"]
[EventType "team-tourn"]
[EventRounds "5"]
[EventCountry "GER"]
[SourceTitle "EXT 2023"]
[Source "ChessBase"]
[SourceDate "2022.10.05"]
[SourceVersion "1"]
[SourceVersionDate "2022.10.05"]
[SourceQuality "1"]
[WhiteTeam "Niedersachsen Schachverband"]
[BlackTeam "Werder Bremen"]
[WhiteTeamCountry "GER"]
[BlackTeamCountry "GER"]

1. d4 d5 2. c4 c6 3. Nf3 Nf6 4. e3 a6 5. b3 Bf5 6. Be2 e6 7. Nbd2 h6 8. Bb2 Bd6 9. 0-0 0-0 10. a3 a5 11. c5 Bc7 12. b4 Qe7 13. b5 b6 14. a4 Nfd7 15. Nb3 bxc5 16. dxc5 e5 17. b6 Bd8 18. Qd2 Qe6 19. Rfc1 Be7 20. Ba3 Bg4 21. Nxa5 f5 22. h3 Bxf3 23. Bxf3 e4 24. Be2 Bg5 25. Bb2 f4 26. Bg4 Qg6 27. Nb3 h5 28. Bxd7 Nxd7 29. Kh1 h4 30. Bd4 f3 31. Rg1 fxg2+ 32. Rxg2 Rf3 33. Rh2 Qf5 34. a5 Rxh3 35. Rg1 Ne5 36. Bxe5 Rxh2+ 37. Kxh2 Qxe5+ 38. Kg2 Rf8 39. Nd4 h3+ 40. Kxh3 Bh4 41. Rg3 Bxg3 42. fxg3 Qf6 43. Qe2 g5 44. a6 Kg7 45. Kg2 Kh7 46. Qh5+ Kg7 47. Qxg5+ 1-0

[Event "Millennium Hybrid Masters"]
[Site "Tornelo INT"]
[Date "2022.03.09"]
[Round "5.3"]
[White "Heldt, Nils Lennart"]
[Black "Weber, Daniel1111"]
[Result "0-1"]
[WhiteElo "2075"]
[BlackElo "2120"]
[PlyCount "70"]
[EventDate "2022.03.09"]
[EventType "team-tourn"]
[EventRounds "5"]
[EventCountry "GER"]
[SourceTitle "EXT 2023"]
[Source "ChessBase"]
[SourceDate "2022.10.05"]
[SourceVersion "1"]
[SourceVersionDate "2022.10.05"]
[SourceQuality "1"]
[WhiteTeam "Werder Bremen"]
[BlackTeam "Berlin SF"]
[WhiteTeamCountry "GER"]
[BlackTeamCountry "GER"]

1. e4 c6 2. Nc3 d5 3. Nf3 dxe4 4. Nxe4 Nf6 5. Nxf6+ exf6 6. d4 Bd6 7. Be3 0-0 8. Qd2 Be6 9. Be2 Re8 10. 0-0 Nd7 11. c4 Nf8 12. Bf4 Ng6 13. Bxd6 Qxd6 14. Rfe1 Nf4 15. Bf1 Bg4 16. Rxe8+ Rxe8 17. Re1 Rd8 18. Qe3 Bxf3 19. Qxf3 Ne6 20. d5 cxd5 21. cxd5 Qxd5 22. Qa3 a6 23. b3 Qd2 24. Re3 Qd6 25. Qa5 Qc5 26. Qxc5 Nxc5 27. Rc3 Ne6 28. g3 g6 29. Kg2 f5 30. Bc4 Rd7 31. Re3 Rd6 32. a4 f4 33. Rc3 fxg3 34. hxg3 Nd4 35. Rd3 b5 0-1

[Event "Oberliga Nord W 2122"]
[Site "Germany"]
[Date "2021.12.12"]
[Round "4.8"]
[White "Heldt, Nils Lennart"]
[Black "Scheffner, Jarno"]
[Result "1-0"]
[WhiteElo "2072"]
[BlackElo "1951"]
[PlyCount "49"]
[EventDate "2021.10.10"]
[EventType "team-tourn"]
[EventRounds "9"]
[EventCountry "GER"]
[SourceTitle "EXT 2023"]
[Source "ChessBase"]
[SourceDate "2022.10.05"]
[SourceVersion "1"]
[SourceVersionDate "2022.10.05"]
[SourceQuality "1"]
[WhiteTeam "Werder Bremen III"]
[BlackTeam "Nordhorn Blanke"]
[WhiteTeamCountry "GER"]
[BlackTeamCountry "GER"]

1. e4 c5 2. Nf3 d6 3. d4 cxd4 4. Nxd4 Nf6 5. Nc3 a6 6. Bg5 e6 7. f4 Be7 8. Qf3 Nbd7 9. 0-0-0 Qc7 10. g4 h6 11. Bxf6 Bxf6 12. h4 Qb6 13. Nb3 Nc5 14. Nxc5 Qxc5 15. e5 dxe5 16. Ne4 Qa5 17. Nd6+ Ke7 18. g5 hxg5 19. hxg5 Rd8 20. gxf6+ gxf6 21. Nc4 Rxd1+ 22. Qxd1 Qd5 23. Qxd5 exd5 24. Nb6 Rb8 25. Rh8 1-0

[Event "GER-chT Lands U20"]
[Site "Wuerzburg"]
[Date "2019.10.04"]
[Round "4.9"]
[White "Heldt, Nils Lennart"]
[Black "Faerber, David"]
[Result "0-1"]
[WhiteElo "2131"]
[BlackElo "2332"]
[PlyCount "70"]
[EventDate "2019.10.01"]
[EventType "team-swiss"]
[EventRounds "7"]
[EventCountry "GER"]
[SourceTitle "EXT 2020"]
[Source "ChessBase"]
[SourceDate "2019.10.17"]
[SourceVersion "1"]
[SourceVersionDate "2019.10.17"]
[SourceQuality "1"]
[WhiteTeam "Bremen/Niedersachsen"]
[BlackTeam "Baden II"]
[WhiteTeamCountry "GER"]
[BlackTeamCountry "GER"]

1. d4 Nf6 2. c4 c5 3. d5 b5 4. cxb5 a6 5. bxa6 g6 6. Nc3 Bg7 7. e4 0-0 8. Bd3 Qa5 9. Nge2 Bxa6 10. 0-0 d6 11. h3 Nbd7 12. Bxa6 Qxa6 13. Qc2 Rfb8 14. b3 Ne5 15. Rd1 Ne8 16. Bb2 Nc7 17. Na4 Rb4 18. f4 Nc4 19. Bxg7 Ne3 20. Qb2 Nxd1 21. Rxd1 f6 22. Bxf6 exf6 23. Nac3 Re8 24. h4 Kf7 25. Qd2 Nb5 26. Qd3 Qb6 27. Qh3 Nxc3 28. Nxc3 Qd8 29. h5 Kg7 30. Kf2 Rd4 31. Rh1 g5 32. h6+ Kh8 33. Qh5 Rf8 34. Qf3 f5 35. exf5 Rxf4 0-1

[Event "GER-chT Lands U20"]
[Site "Wuerzburg"]
[Date "2019.10.04"]
[Round "5.9"]
[White "Wendler, David"]
[Black "Heldt, Nils Lennart"]
[Result "1-0"]
[WhiteElo "2077"]
[BlackElo "2131"]
[PlyCount "51"]
[EventDate "2019.10.01"]
[EventType "team-swiss"]
[EventRounds "7"]
[EventCountry "GER"]
[SourceTitle "EXT 2020"]
[Source "ChessBase"]
[SourceDate "2019.10.17"]
[SourceVersion "1"]
[SourceVersionDate "2019.10.17"]
[SourceQuality "1"]
[WhiteTeam "South Team"]
[BlackTeam "Bremen/Niedersachsen"]
[WhiteTeamCountry "GER"]
[BlackTeamCountry "GER"]

1. e4 c5 2. c3 d5 3. exd5 Qxd5 4. d4 Nc6 5. Nf3 Bg4 6. Be2 e6 7. h3 Bh5 8. c4 Qd7 9. g4 Bg6 10. d5 Nd4 11. Nxd4 cxd4 12. Qxd4 Bb4+ 13. Bd2 Bxd2+ 14. Qxd2 0-0-0 15. Nc3 Nf6 16. Bf3 exd5 17. cxd5 Rhe8+ 18. Kf1 Kb8 19. Kg2 h5 20. Rhe1 hxg4 21. hxg4 Ka8 22. Qf4 Bh7 23. g5 Bf5 24. gxf6 gxf6 25. Rxe8 Rxe8 26. Ne2 1-0

[Event "Pardubice Czech op-A 30th"]
[Site "Pardubice"]
[Date "2019.07.26"]
[Round "8"]
[White "Heldt, Nils Lennart"]
[Black "Hrabinska, Myroslava"]
[Result "1/2-1/2"]
[WhiteElo "2009"]
[BlackElo "2243"]
[PlyCount "83"]
[EventDate "2019.07.19"]
[EventType "swiss"]
[EventRounds "9"]
[EventCountry "CZE"]
[SourceTitle "CBM 191"]
[Source "ChessBase"]
[SourceDate "2019.08.31"]
[SourceVersion "1"]
[SourceVersionDate "2019.08.31"]
[SourceQuality "1"]

1. e4 c5 2. c4 Nc6 3. Ne2 Nf6 4. Nbc3 e6 5. d4 cxd4 6. Nxd4 Bb4 7. Nxc6 bxc6 8. Bd3 e5 9. 0-0 0-0 10. Be3 d6 11. h3 Nd7 12. Na4 a5 13. a3 Bc5 14. Nxc5 Nxc5 15. Bc2 Ba6 16. b4 Ne6 17. Bd3 c5 18. b5 Bb7 19. Qg4 Qe7 20. a4 f6 21. Rad1 Nd4 22. f4 Kh8 23. f5 Rg8 24. Qh4 g5 25. fxg6 Rxg6 26. Bxd4 cxd4 27. Rf2 Qg7 28. g4 Bc8 29. Rg2 Be6 30. Rdd2 Rc8 31. Rc2 Rc5 32. Rc1 Rc8 33. Rcc2 Qf7 34. Qe1 Qa7 35. Kh2 Rc5 36. Qc1 Qd7 37. Qd2 Qd8 38. Rc1 Rg7 39. Rc2 Qe7 40. Qc1 Qf7 41. Qd2 Qc7 42. Qc1 1/2-1/2

[Event "Pardubice Czech op-A 30th"]
[Site "Pardubice"]
[Date "2019.07.25"]
[Round "7"]
[White "Pulpan, Jakub"]
[Black "Heldt, Nils Lennart"]
[Result "1/2-1/2"]
[WhiteElo "2414"]
[BlackElo "2009"]
[PlyCount "66"]
[EventDate "2019.07.19"]
[EventType "swiss"]
[EventRounds "9"]
[EventCountry "CZE"]
[SourceTitle "CBM 191"]
[Source "ChessBase"]
[SourceDate "2019.08.31"]
[SourceVersion "1"]
[SourceVersionDate "2019.08.31"]
[SourceQuality "1"]

1. Nf3 d5 2. b3 Bf5 3. Bb2 e6 4. g3 Nf6 5. Bg2 c6 6. 0-0 h6 7. c4 Bd6 8. d3 0-0 9. Nbd2 Bh7 10. a3 a5 11. Bc3 Qe7 12. Qc2 Nbd7 13. Qb2 e5 14. d4 exd4 15. Bxd4 Qxe2 16. Rad1 Bc5 17. Rfe1 Bxd4 18. Nxd4 Qh5 19. cxd5 cxd5 20. b4 Ne5 21. Rf1 Nd3 22. Qb3 a4 23. Qa2 Nxf2 24. Rde1 Nh3+ 25. Kh1 Ng4 26. N2f3 Be4 27. Nh4 Ng5 28. Bxe4 dxe4 29. Ne2 Nf3 30. Nxf3 exf3 31. Nf4 Qb5 32. Rxf3 Qc6 33. Qd5 Rfe8 1/2-1/2

[Event "Oberliga Nord W 1718"]
[Site "Germany"]
[Date "2018.04.15"]
[Round "9.8"]
[White "Heldt, Nils Lennart"]
[Black "Wehrmann, Henning"]
[Result "1-0"]
[WhiteElo "2001"]
[BlackElo "1835"]
[PlyCount "67"]
[EventDate "2017.10.08"]
[EventType "team-tourn"]
[EventRounds "9"]
[EventCountry "GER"]
[SourceTitle "EXT 2019"]
[Source "ChessBase"]
[SourceDate "2018.10.10"]
[SourceVersion "1"]
[SourceVersionDate "2018.10.10"]
[SourceQuality "1"]
[WhiteTeam "Werder Bremen III"]
[BlackTeam "Hameln"]
[WhiteTeamCountry "GER"]
[BlackTeamCountry "GER"]

1. d4 g6 2. Bf4 Bg7 3. e3 Nc6 4. Nf3 d6 5. h3 e5 6. Bh2 exd4 7. exd4 Bf5 8. c3 Qe7+ 9. Be2 0-0-0 10. 0-0 g5 11. Re1 Qf6 12. Nbd2 h5 13. d5 Nce7 14. Nd4 Bd7 15. Nb5 Bxb5 16. Bxb5 Qg6 17. Nb3 f5 18. Nd4 f4 19. Ne6 Be5 20. Nxd8 Kxd8 21. Bd3 Qf7 22. Qa4 g4 23. Qxa7 g3 24. Qb8+ Nc8 25. fxg3 fxg3 26. Bxg3 Bxg3 27. Rf1 Nf6 28. Rf3 Be5 29. Bf5 Nd7 30. Bxd7 Qxd7 31. Raf1 Ke8 32. Rf7 Qd8 33. Rxc7 Ne7 34. Qxb7 1-0

[Event "Oberliga Nord W 1718"]
[Site "Germany"]
[Date "2018.03.18"]
[Round "8.8"]
[White "Koelle, Arthur"]
[Black "Heldt, Nils Lennart"]
[Result "1/2-1/2"]
[WhiteElo "2204"]
[BlackElo "2001"]
[PlyCount "65"]
[EventDate "2017.10.08"]
[EventType "team-tourn"]
[EventRounds "9"]
[EventCountry "GER"]
[SourceTitle "EXT 2019"]
[Source "ChessBase"]
[SourceDate "2018.10.10"]
[SourceVersion "1"]
[SourceVersionDate "2018.10.10"]
[SourceQuality "1"]
[WhiteTeam "Hannover"]
[BlackTeam "Werder Bremen III"]
[WhiteTeamCountry "GER"]
[BlackTeamCountry "GER"]

1. e4 e5 2. Nf3 Nc6 3. Bc4 Bc5 4. d3 Nf6 5. c3 a6 6. Bb3 d6 7. h3 Ba7 8. Nbd2 h6 9. Nf1 Qe7 10. Ng3 g6 11. Qe2 Be6 12. Be3 Bxe3 13. Qxe3 d5 14. Ba4 b5 15. Bc2 d4 16. Qd2 Nd7 17. a4 b4 18. 0-0 dxc3 19. bxc3 Qc5 20. cxb4 Qxb4 21. Qc1 Qd6 22. Rb1 Kf8 23. Rd1 Kg7 24. Bb3 Nc5 25. Bxe6 Nxe6 26. Qc4 Rhd8 27. Ne2 Ncd4 28. Nfxd4 Nxd4 29. Nxd4 Qxd4 30. Rb4 c5 31. Qxd4 Rxd4 32. Rxd4 cxd4 33. Rc1 1/2-1/2

[Event "Oberliga Nord W 1718"]
[Site "Germany"]
[Date "2018.01.21"]
[Round "5.8"]
[White "Polster, Christian"]
[Black "Heldt, Nils Lennart"]
[Result "1-0"]
[WhiteElo "2256"]
[BlackElo "2001"]
[PlyCount "91"]
[EventDate "2017.10.08"]
[EventType "team-tourn"]
[EventRounds "9"]
[EventCountry "GER"]
[SourceTitle "EXT 2019"]
[Source "ChessBase"]
[SourceDate "2018.10.10"]
[SourceVersion "1"]
[SourceVersionDate "2018.10.10"]
[SourceQuality "1"]
[WhiteTeam "Liste Turm"]
[BlackTeam "Werder Bremen III"]
[WhiteTeamCountry "GER"]
[BlackTeamCountry "GER"]

1. e4 e5 2. Bc4 Nc6 3. Nc3 Nf6 4. d3 Na5 5. Nf3 Nxc4 6. dxc4 Bb4 7. Qd3 d6 8. Bd2 0-0 9. 0-0-0 Be6 10. Nd5 Bxd2+ 11. Nxd2 Nd7 12. Ne3 a6 13. g4 b5 14. Nb3 bxc4 15. Nxc4 Bxg4 16. Rdg1 Be6 17. Ne3 Qh4 18. f3 Kh8 19. Qc3 Rac8 20. Kb1 f5 21. exf5 Bxf5 22. Nxf5 Rxf5 23. Qd3 Rcf8 24. Qxa6 Rxf3 25. a4 R3f7 26. a5 e4 27. Re1 Re7 28. Qc4 Nf6 29. Nd4 Qh5 30. Nc6 Ree8 31. a6 Qc5 32. Qxc5 dxc5 33. a7 Nd5 34. Rhf1 Kg8 35. Rxf8+ Kxf8 36. Rf1+ Kg8 37. c4 Nb6 38. b3 Re6 39. Nb8 e3 40. Re1 Na8 41. Kc2 g5 42. Kd3 Rb6 43. Rxe3 Rxb3+ 44. Ke4 Rb4 45. Kf5 Rxc4 46. Nd7 1-0

[Event "Niedersachsen-ch op A"]
[Site "Verden"]
[Date "2018.01.05"]
[Round "4"]
[White "Heldt, Nils Lennart"]
[Black "Bargsten, Justus"]
[Result "0-1"]
[WhiteElo "2031"]
[BlackElo "1896"]
[PlyCount "96"]
[EventDate "2018.01.04"]
[EventType "swiss"]
[EventRounds "7"]
[EventCountry "GER"]
[SourceTitle "EXT 2022"]
[Source "ChessBase"]
[SourceDate "2021.10.06"]
[SourceVersion "1"]
[SourceVersionDate "2021.10.06"]
[SourceQuality "1"]

1. e4 e5 2. Nf3 Nc6 3. Bc4 Bc5 4. 0-0 Nf6 5. d3 0-0 6. c3 a5 7. d4 Be7 8. Bd3 exd4 9. cxd4 d5 10. e5 Ne4 11. Nc3 Nxc3 12. bxc3 f6 13. Qc2 f5 14. Rb1 b6 15. Be3 Qe8 16. Qb3 Be6 17. Bb5 f4 18. Bd2 Rd8 19. Qa4 Qg6 20. Bxc6 Bh3 21. Ne1 Bxg2 22. f3 Bxf1+ 23. Kxf1 Qxb1 24. Qb3 Qxb3 25. axb3 g5 26. Nd3 Kf7 27. h4 h6 28. h5 Ke6 29. Nf2 Rb8 30. c4 Rfd8 31. Bc3 dxc4 32. bxc4 Bb4 33. d5+ Ke7 34. Ba1 b5 35. cxb5 Rb6 36. Kg2 Rxc6 37. dxc6 Rd2 38. Kf1 a4 39. e6 a3 40. b6 cxb6 41. Bc3 Bxc3 42. c7 a2 43. c8Q a1Q+ 44. Kg2 Rxf2+ 45. Kxf2 Qe1+ 46. Kg2 Qg3+ 47. Kh1 Qh3+ 48. Kg1 Bd4# 0-1

[Event "GER-chT Lands U20"]
[Site "Hannover"]
[Date "2017.10.02"]
[Round "4.4"]
[White "Huo, Da"]
[Black "Heldt, Nils Lennart"]
[Result "0-1"]
[WhiteElo "1632"]
[BlackElo "1963"]
[PlyCount "80"]
[EventDate "2017.09.29"]
[EventType "team-swiss"]
[EventRounds "7"]
[EventCountry "GER"]
[SourceTitle "EXT 2018"]
[Source "ChessBase"]
[SourceDate "2017.10.13"]
[SourceVersion "1"]
[SourceVersionDate "2017.10.13"]
[SourceQuality "1"]
[WhiteTeam "Hamburg U20"]
[BlackTeam "Bremen U20"]
[WhiteTeamCountry "GER"]
[BlackTeamCountry "GER"]

1. e4 e5 2. Nf3 Nc6 3. Bc4 Bc5 4. c3 Nf6 5. d3 a6 6. 0-0 d6 7. Nbd2 Ba7 8. Re1 0-0 9. Nf1 Na5 10. Bb3 Nxb3 11. Qxb3 Be6 12. Qc2 Ng4 13. Ne3 Kh8 14. h3 Nh6 15. d4 exd4 16. cxd4 f5 17. e5 f4 18. Nf1 d5 19. Bd2 g5 20. N1h2 Qe7 21. a3 Qg7 22. Bc3 g4 23. hxg4 Nxg4 24. Nxg4 Bxg4 25. Kf1 Bf5 26. Qd2 Be4 27. Nh4 Qg4 28. f3 Qxh4 29. fxe4 f3 30. Qe3 Qh1+ 31. Qg1 Qxg1+ 32. Kxg1 f2+ 33. Kh2 fxe1Q 34. Rxe1 c6 35. exd5 cxd5 36. e6 Rae8 37. Re5 Bb8 38. e7 Rf7 39. g3 Bxe5 40. dxe5 Rfxe7 0-1

[Event "GER-ch U16"]
[Site "Willingen"]
[Date "2017.06.10"]
[Round "9"]
[White "Heldt, Nils Lennart"]
[Black "Recktenwald, Cedric"]
[Result "1/2-1/2"]
[WhiteElo "1963"]
[BlackElo "1921"]
[PlyCount "49"]
[EventDate "2017.06.04"]
[EventType "swiss"]
[EventRounds "9"]
[EventCountry "GER"]
[SourceTitle "CBM 178 Extra"]
[Source "ChessBase"]
[SourceDate "2017.06.22"]
[SourceVersion "1"]
[SourceVersionDate "2017.06.22"]
[SourceQuality "1"]

1. Nf3 Nf6 2. c4 e6 3. g3 b6 4. Bg2 Bb7 5. 0-0 Be7 6. Nc3 0-0 7. d4 Ne4 8. Qc2 Nxc3 9. bxc3 f5 10. a4 Be4 11. Qb3 Nc6 12. Nd2 Na5 13. Qa2 Bxg2 14. Kxg2 Rc8 15. Ba3 Bxa3 16. Qxa3 c5 17. d5 Qf6 18. Rae1 exd5 19. cxd5 Qe5 20. e4 fxe4 21. c4 Qd4 22. Qa2 Rce8 23. Re3 Rf7 24. Qc2 Ref8 25. Qc3 1/2-1/2

[Event "GER-ch U16"]
[Site "Willingen"]
[Date "2017.06.08"]
[Round "7"]
[White "Heldt, Nils Lennart"]
[Black "Degenhard, Simon"]
[Result "0-1"]
[WhiteElo "1963"]
[BlackElo "2184"]
[PlyCount "86"]
[EventDate "2017.06.04"]
[EventType "swiss"]
[EventRounds "9"]
[EventCountry "GER"]
[SourceTitle "CBM 178 Extra"]
[Source "ChessBase"]
[SourceDate "2017.06.22"]
[SourceVersion "1"]
[SourceVersionDate "2017.06.22"]
[SourceQuality "1"]

1. e4 c5 2. Nf3 g6 3. c4 Bg7 4. d4 cxd4 5. Nxd4 Nc6 6. Be3 Nf6 7. Nc3 Ng4 8. Qxg4 Nxd4 9. Qd1 Ne6 10. Qd2 Qa5 11. Rc1 d6 12. b3 Bd7 13. Nd5 Qxd2+ 14. Kxd2 Rc8 15. Be2 Bc6 16. Bg4 b6 17. f3 Rd8 18. Bxe6 fxe6 19. Nf4 Kf7 20. Ke2 Be5 21. Nd3 Bf6 22. h4 Rc8 23. h5 g5 24. Rhd1 g4 25. fxg4 Bxe4 26. g5 Bxd3+ 27. Kxd3 Be5 28. Ke4 Kg7 29. Rf1 Rhf8 30. Rf3 Rf7 31. Rcf1 Rcf8 32. a4 Bc3 33. Bf4 Bb4 34. g6 Rf5 35. g4 R5f6 36. gxh7 Kxh7 37. Bg5 d5+ 38. Ke3 Bd2+ 39. Kxd2 Rxf3 40. Rxf3 Rxf3 41. Bxe7 Kh6 42. cxd5 exd5 43. b4 Rf4 0-1

[Event "GER-ch U16"]
[Site "Willingen"]
[Date "2017.06.04"]
[Round "1"]
[White "Heldt, Nils Lennart"]
[Black "Riess, Alexander"]
[Result "0-1"]
[WhiteElo "1963"]
[BlackElo "2180"]
[PlyCount "48"]
[EventDate "2017.06.04"]
[EventType "swiss"]
[EventRounds "9"]
[EventCountry "GER"]
[SourceTitle "CBM 178 Extra"]
[Source "ChessBase"]
[SourceDate "2017.06.22"]
[SourceVersion "1"]
[SourceVersionDate "2017.06.22"]
[SourceQuality "1"]

1. e4 c5 2. Nf3 d6 3. d4 cxd4 4. Nxd4 Nf6 5. Nc3 a6 6. Bg5 Nbd7 7. Qe2 Qc7 8. 0-0-0 e6 9. f4 Be7 10. Nf3 h6 11. Bh4 g5 12. fxg5 hxg5 13. Bxg5 b5 14. e5 dxe5 15. Bxf6 Bxf6 16. Ne4 Be7 17. Kb1 Bb7 18. g4 Nb6 19. g5 Rc8 20. Bg2 Nd5 21. Ne1 Nf4 22. Qg4 Nxg2 23. Qxg2 Qc6 24. g6 Qxe4 0-1